Sindicatos docentes y reformas educativas en América Latina: Costa Rica
Guardat en:
| Format: | Desconegut |
|---|---|
| Idioma: | Spanish |
| Publicat: |
Brasil :
SOPLA ; KONRAD ADENAUER STIFFUNG
|
| Col·lecció: | Serie Sindicatos Docentes y las reformas educativas en América Latina
|
| Etiquetes: |
Afegir etiqueta
Sense etiquetes, Sigues el primer a etiquetar aquest registre!
|
MARC
| LEADER | 00000 a2200000 04500 | ||
|---|---|---|---|
| 001 | 45196 | ||
| 003 | |||
| 008 | 050630s2008 bl spa d | ||
| 040 | |||
| 020 | |a [sin ISBN] | ||
| 022 | |a [sin ISBN] | ||
| 090 | |a 1001 F534s | ||
| 245 | |a Sindicatos docentes y reformas educativas en América Latina: |b Costa Rica | ||
| 260 | |a Brasil : |b SOPLA ; KONRAD ADENAUER STIFFUNG | ||
| 300 | |a 44 páginas | ||
| 440 | |a Serie Sindicatos Docentes y las reformas educativas en América Latina | ||
| 999 | |c 14376 |d 14376 | ||
